| 000 | 00514nam a2200205Ia 4500 | ||
|---|---|---|---|
| 003 | LK-CoDNM | ||
| 005 | 20240301112355.0 | ||
| 008 | 010623t1903 xxu||||| |||| 00| 1 sin d | ||
| 040 |
_aLK-CoDNM _dLK-CoDNM _eLK-CoDNM |
||
| 041 | _asin | ||
| 080 | _a104 X10 | ||
| 100 | _aJayasekara,E.A | ||
| 245 | _aදන්තාරක්ෂාව | ||
| 246 | _aDanthaarakshaava | ||
| 260 |
_bA.P.Goonavardhana _aColombo _c1903 |
||
| 300 |
_bDamaged _a11p.,14 cm |
||
| 650 | _aDental | ||
| 650 | _aDentistry | ||
| 942 | _cBK | ||
| 999 |
_c85642 _d85642 |
||